00635nam a2200241 a 4500001001300000003000900013005001700022008004100039020000800080082001500088100001300103245001300116260003100129300000900160500003500169505001000204650001300214700001300227902000800240942000700248952012300255999001500378nice12345678IN_TiNIC20260116011629.0050524s1976 lona grp 000 0 eng  ac900a294.5bSEN aSen, K M aHinduism aLondonbPenguin Bookc1976 a160p aincludes index and biblioraphy2 aIndex aHinduism1 aSen, K M bSRS cBK 001040708StackRoom-aHMIbHMId2007-07-23g9.00l4o294.5 SENp08171r2019-11-14s2019-11-07v9.00w2005-05-24yBK c2991d2991